Welcome to the Holygrace Academy Library

Please use search bar below to get started

ROMEO JULIET (Record no. 3130)

MARC details
000 -LEADER
fixed length control field 00312nam a22001337a 4500
020 ## - INTERNATIONAL STANDARD BOOK NUMBER
ISBN 13-976-93-5103-103-1
082 ## - DEWEY DECIMAL CLASSIFICATION NUMBER
Classification number 823
Item number SHA/R
100 ## - MAIN ENTRY--AUTHOR NAME
Personal name KANT, TANYA
245 ## - TITLE STATEMENT
Title ROMEO JULIET
260 ## - PUBLICATION, DISTRIBUTION, ETC. (IMPRINT)
Place of publication ENGLISH SHORT STORY
Name of publisher THE SALARIYA BOOK COMPANY
300 ## - PHYSICAL DESCRIPTION
Number of Pages 48
650 ## - SUBJECT ADDED ENTRY--TOPICAL TERM
Topical Term ENGLISH SHORT STORY
942 ## - ADDED ENTRY ELEMENTS (KOHA)
Koha item type Books
Holdings
Withdrawn status Lost status Collection code Home library Current library Shelving location Date acquired Source of acquisition Cost, normal purchase price Full call number Accession Number Koha item type
    Fiction Main Library Main Library SHELF 3- D- ENGLISH CHILDRENS LITERATURE &MYTHOLOGY 21/03/2015 PURCHASE 150.00 823 SHA/R 06970 Books